| 000 | 01420nam a2200277 a 4500 | ||
|---|---|---|---|
| 001 | BRCA_2007 | ||
| 005 | 20190320203632.0 | ||
| 008 | 130608s2005----mx-ab#####---#000-0#spa-# | ||
| 020 | _a9681211979 | ||
| 041 | _aspa | ||
| 044 | _amx | ||
| 050 | 4 |
_aG1546 _b.T36 2005 |
|
| 100 | 1 |
_aTanck de Estrada, Dorothy _96145 |
|
| 245 | 1 | 0 |
_aAtlas ilustrado de los pueblos de indios _bNueva España, 1800 _cDorothy Tanck de Estrada ; mapas de Jorge Luis Miranda García y Dorothy Tanck de Estrada ; con la colaboración de Tania Lilia Chávez Soto. |
| 260 |
_aMéxico _bEl Colegio de México ; El Colegio Mexiquense _c2005 |
||
| 300 |
_axv, 269 p. _bil. a color, mapas _c31 cm _e1 CD-Rom |
||
| 500 | _aIncluye lista de mapas, índice de los pueblos de indios y apéndice: ciudades y villas en el atlas | ||
| 500 | _aPatrocinadores de la investigación y de la elaboración de la cartografía El Colegio de México, El Colegio Mexiquense, A.C., Consejo Nacional de Ciencia y Tecnología (CONACYT), National Geographic Society, Washington, D.C. | ||
| 504 | _aBibliografía: p. 262-266 | ||
| 650 | 1 | 4 |
_aIndios de México _vTenencia de la tierra _xHistoria _ySiglo XVIII _96146 |
| 650 | 1 | 4 |
_aIndios de México _vMapas _xHistoria _ySiglo XVIII _zMéxico _96147 |
| 651 | 4 |
_aMéxico _vMapas _xColonia española _y1540-1810 _96148 |
|
| 700 | 1 |
_aMiranda García, Jorge Luis _96149 |
|
| 700 | 1 |
_aChávez Soto, Tania Lilia _96150 |
|
| 942 |
_2lcc _cB |
||
| 999 |
_c1774 _d1774 |
||